00695nam a2200169 a 4500020001500000082003000015100002000045245005300065260013600118300003600254490002100290526003700311526003700348650004000385650004400425650005600469 a071539486X00a940.5425bRETcL-30, P-751 aLunt, James D.,14aThe retreat from Burma, 1941-1942 /cJames Lunt. aNewton, Abbot, Devon :bDavid & Charles Publishers ;aNew York, NY :bDistributed in the United States by Sterling Pub. Co.,c1989. axxiii, 318 p. :bill. ;c20 cm.1 aBattle standards a0b0c0d940_542500000000000_RET a0b0c0d940_542500000000000_RET 0aSoldierszGreat BritainxBiography. 0aWorld War, 1939-1945xCampaignszBurma. 0aWorld War, 1939-1945xPersonal narratives, British.